Państwa bez lotniska - Statystyki

Ogólne statystyki
  • Ten quiz został rozwiązany 58 razy
  • Średni wynik to 5 z 5
Statystyki odpowiedzi
Państwa bez lotniska % Poprawnych
Watykan
96%
San Marino
94%
Andora
90%
Monako
88%
Liechtenstein
84%
Nie znaleziono quizów pasujących do podanych kryteriów
Rozkład punktacji
Procent ludzi z każdym wynikiem
Percentyl według liczby udzielonych odpowiedzi
Twoja historia wyników
Nie rozwiązałeś tego quizu